[Event "Baku NCC 2nd"]
[Site "Baku"]
[Date "2022.12.13"]
[Round "6.3"]
[White "Gulamov, Huseyn"]
[Black "Darban Vaighani, Morteza"]
[Result "0-1"]
[WhiteElo "2092"]
[BlackElo "2331"]
[PlyCount "56"]
[EventDate "2022.12.11"]
[EventType "team-schev"]
[EventRounds "10"]
[EventCountry "AZE"]
[SourceTitle "CBM 211 Extra"]
[Source "ChessBase"]
[SourceDate "2023.01.31"]
[SourceVersion "1"]
[SourceVersionDate "2023.01.31"]
[SourceQuality "1"]
[WhiteTeam "Team B"]
[BlackTeam "Team A"]
[WhiteTeamCountry "AZE"]
[BlackTeamCountry "AZE"]

1. d4 d5 2. c4 e6 3. Nc3 Nf6 4. Nf3 Be7 5. cxd5 exd5 6. h3 0-0 7. Bf4 Nc6 8. e3 Bf5 9. Be2 Bd6 10. Bxd6 Qxd6 11. Rc1 a6 12. a3 b5 13. 0-0 Na5 14. Nd2 Rfe8 15. Re1 Rab8 16. b4 Nc4 17. Nxc4 bxc4 18. Bf3 Be4 19. Bxe4 Nxe4 20. f3 Nxc3 21. Rxc3 c6 22. e4 Qd8 23. e5 a5 24. bxa5 Qxa5 25. Ree3 Qa7 26. Kh2 c5 27. dxc5 Qxc5 28. Qc2 Rec8 0-1

[Event "TUR-chT 2nd League"]
[Site "Konya"]
[Date "2022.08.26"]
[Round "7.11"]
[White "Darban Vaighani, Morteza"]
[Black "Bekiragaoglu, Umut"]
[Result "1-0"]
[WhiteElo "2345"]
[BlackElo "2147"]
[PlyCount "75"]
[EventDate "2022.08.22"]
[EventType "team-swiss"]
[EventRounds "9"]
[EventCountry "TUR"]
[SourceTitle "CBM 210 Extra"]
[Source "ChessBase"]
[SourceDate "2022.11.30"]
[SourceVersion "1"]
[SourceVersionDate "2022.11.30"]
[SourceQuality "1"]
[WhiteTeam "Mersin Altin Piyon"]
[BlackTeam "Calli Spor"]
[WhiteTeamCountry "TUR"]
[BlackTeamCountry "TUR"]

1. Nf3 d5 2. g3 Nf6 3. Bg2 e6 4. 0-0 Be7 5. d3 0-0 6. Nbd2 c5 7. e4 Nc6 8. Re1 Re8 9. c3 b5 10. a3 Qb6 11. exd5 exd5 12. Nb3 Bf5 13. Be3 Rad8 14. d4 c4 15. Nbd2 Ne4 16. Bf4 Bf6 17. Nxe4 Bxe4 18. h4 a5 19. Bg5 Bxg5 20. Nxg5 f5 21. Qh5 h6 22. Nf7 Rb8 23. Nd6 Rf8 24. Bxe4 dxe4 25. Nxf5 Rf6 26. Ne3 Ne7 27. Nd5 Nxd5 28. Qxd5+ Kh8 29. Rxe4 Rbf8 30. f4 b4 31. axb4 axb4 32. Ra8 bxc3 33. Ree8 c2 34. Rxf8+ Rxf8 35. Rxf8+ Kh7 36. Qg8+ Kg6 37. Qxc4 Qxb2 38. Qf7+ 1-0

[Event "Marmaris Karya 18th"]
[Site "Marmaris"]
[Date "2022.05.12"]
[Round "6"]
[White "Darban Vaighani, Morteza"]
[Black "Ozdemir, Serhan Berat"]
[Result "0-1"]
[WhiteElo "2279"]
[BlackElo "2117"]
[PlyCount "70"]
[EventDate "2022.05.10"]
[EventType "schev"]
[EventRounds "10"]
[EventCountry "TUR"]
[SourceTitle "CBM 208 Extra"]
[Source "ChessBase"]
[SourceDate "2022.07.31"]
[SourceVersion "1"]
[SourceVersionDate "2022.07.31"]
[SourceQuality "1"]
[WhiteTeam "White"]
[BlackTeam "Red Team"]
[WhiteTeamCountry "TUR"]
[BlackTeamCountry "TUR"]

1. e4 c5 2. Nf3 e6 3. g3 Nc6 4. Bg2 g6 5. d4 cxd4 6. Nxd4 Qb6 7. Nb3 Bg7 8. 0-0 Nge7 9. c4 0-0 10. Na3 Qd8 11. Nb5 b6 12. Qe2 Ba6 13. Rd1 Rc8 14. a4 f5 15. Bf4 e5 16. Bd2 fxe4 17. Qxe4 Nf5 18. Bc3 Kh8 19. Qd5 Qf6 20. Nd2 Nfe7 21. Qf3 Qe6 22. Qd3 Nf5 23. Re1 Qe7 24. b3 Nb4 25. Qe4 Bxb5 26. axb5 d5 27. Qb1 e4 28. Bxg7+ Qxg7 29. Ra4 Nd3 30. Rf1 Nd4 31. Bh3 Ne2+ 32. Kg2 Rce8 33. Qa1 Nc3 34. Rxa7 Qe5 35. Nb1 Rf6 0-1

[Event "Marmaris Icmeler"]
[Site "Marmaris"]
[Date "2022.05.07"]
[Round "5.3"]
[White "Taspinar, Yanki"]
[Black "Darban Vaighani, Morteza"]
[Result "0-1"]
[WhiteElo "2176"]
[BlackElo "2279"]
[PlyCount "118"]
[EventDate "2022.05.05"]
[EventType "schev"]
[EventRounds "10"]
[EventCountry "TUR"]
[SourceTitle "CBM 208 Extra"]
[Source "ChessBase"]
[SourceDate "2022.07.31"]
[SourceVersion "1"]
[SourceVersionDate "2022.07.31"]
[SourceQuality "1"]

1. e4 c6 2. d4 d5 3. Nc3 dxe4 4. Nxe4 Bf5 5. Ng3 Bg6 6. Nf3 Nd7 7. h4 h6 8. h5 Bh7 9. Bd3 Bxd3 10. Qxd3 e6 11. Bd2 Ngf6 12. 0-0-0 Qc7 13. Qe2 c5 14. Rh4 Be7 15. dxc5 Nxc5 16. Rc4 b5 17. Rd4 Qb7 18. Bf4 0-0 19. Be5 Rfc8 20. Kb1 a5 21. Nh2 Ncd7 22. Bd6 Bxd6 23. Rxd6 Nc5 24. Qf3 Qc7 25. R6d2 b4 26. Ng4 Nxg4 27. Qxg4 Na4 28. Ka1 Qe5 29. Rb1 Rd8 30. Qd1 Rxd2 31. Qxd2 Rc8 32. Qd7 Nb6 33. Qb7 Qd4 34. Qe4 Qxf2 35. Ne2 Rd8 36. Nc1 Rd2 37. Nb3 Rxc2 38. Nxa5 Nd5 39. Nb3 Ne3 40. Qa8+ Kh7 41. Qe4+ f5 42. Qf3 Rd2 43. Rc1 Rxb2 44. Qxf2 Rxf2 45. Nd4 e5 46. Ne6 Nc2+ 47. Kb1 Na3+ 48. Ka1 Kg8 49. Nc5 e4 50. Na6 Nc2+ 51. Kb1 e3 52. Nc5 Na3+ 53. Ka1 Rxg2 54. Nd3 Rd2 55. Ne1 e2 56. Nf3 Rd3 57. Rc8+ Kh7 58. Ne1 Rd1+ 59. Kb2 Rb1# 0-1

[Event "Marmaris Icmeler"]
[Site "Marmaris"]
[Date "2022.05.06"]
[Round "4.4"]
[White "Darban Vaighani, Morteza"]
[Black "Kilic, Eray"]
[Result "1/2-1/2"]
[WhiteElo "2279"]
[BlackElo "2192"]
[PlyCount "60"]
[EventDate "2022.05.05"]
[EventType "schev"]
[EventRounds "10"]
[EventCountry "TUR"]
[SourceTitle "CBM 208 Extra"]
[Source "ChessBase"]
[SourceDate "2022.07.31"]
[SourceVersion "1"]
[SourceVersionDate "2022.07.31"]
[SourceQuality "1"]

1. e4 c5 2. Nf3 d6 3. c3 Nf6 4. h3 g6 5. Bd3 Bg7 6. Bc2 0-0 7. d4 Nc6 8. 0-0 cxd4 9. cxd4 d5 10. e5 Ne4 11. Nc3 Bf5 12. Ne2 Rc8 13. Nf4 h5 14. a3 Na5 15. Bd3 e6 16. Ne2 Qb6 17. Rb1 Nb3 18. Be3 Ned2 19. Nxd2 Bxd3 20. Qxb3 Bxe2 21. Rfc1 Qxb3 22. Nxb3 b6 23. Rxc8 Rxc8 24. Rc1 Rc4 25. Bg5 Bf8 26. f3 f6 27. exf6 Kf7 28. Kf2 Rxc1 29. Nxc1 Bc4 30. Ke3 Bd6 1/2-1/2

[Event "Marmaris Icmeler"]
[Site "Marmaris"]
[Date "2022.05.06"]
[Round "3.5"]
[White "Nazari, Arad"]
[Black "Darban Vaighani, Morteza"]
[Result "1-0"]
[WhiteElo "2287"]
[BlackElo "2279"]
[PlyCount "119"]
[EventDate "2022.05.05"]
[EventType "schev"]
[EventRounds "10"]
[EventCountry "TUR"]
[SourceTitle "CBM 208 Extra"]
[Source "ChessBase"]
[SourceDate "2022.07.31"]
[SourceVersion "1"]
[SourceVersionDate "2022.07.31"]
[SourceQuality "1"]

1. e4 c6 2. Nc3 d5 3. Nf3 Bg4 4. h3 Bxf3 5. Qxf3 e6 6. d4 Nf6 7. Bd3 Bb4 8. e5 Nfd7 9. Qg4 g6 10. 0-0 c5 11. a3 Bxc3 12. bxc3 c4 13. Be2 h5 14. Qg3 Nc6 15. Bg5 Qa5 16. a4 a6 17. f4 Qc7 18. Qe3 Rb8 19. g4 hxg4 20. hxg4 Nf8 21. f5 gxf5 22. gxf5 Rg8 23. Kf2 exf5 24. Bh5 Ne6 25. Bf6 Rf8 26. Ke2 f4 27. Qh3 Kd7 28. Rxf4 Rbe8 29. Bg7 f5 30. Bxe8+ Kxe8 31. Bh6 Nxf4+ 32. Bxf4 Qf7 33. Kd2 Qg6 34. Qf3 Ne7 35. Rh1 Rg8 36. Rh6 Qg2+ 37. Qxg2 Rxg2+ 38. Ke3 Rxc2 39. e6 Rxc3+ 40. Kf2 Rc2+ 41. Kg3 Kf8 42. Be5 c3 43. Rh8+ Ng8 44. Rh7 Re2 45. Rxb7 Ke8 46. Rb8+ Ke7 47. Rxg8 c2 48. Rc8 Kxe6 49. Kf3 Rd2 50. Ke3 Rg2 51. Kd3 Kf7 52. Rxc2 Rxc2 53. Kxc2 Kg6 54. Kd3 Kg5 55. Ke3 Kg4 56. Bc7 Kg5 57. Kf3 Kg6 58. Kf4 Kf6 59. Be5+ Ke6 60. a5 1-0

[Event "Marmaris Icmeler"]
[Site "Marmaris"]
[Date "2022.05.05"]
[Round "1.2"]
[White "Ince, Taylan Ruzgar"]
[Black "Darban Vaighani, Morteza"]
[Result "1/2-1/2"]
[WhiteElo "2018"]
[BlackElo "2279"]
[PlyCount "61"]
[EventDate "2022.05.05"]
[EventType "schev"]
[EventRounds "10"]
[EventCountry "TUR"]
[SourceTitle "CBM 208 Extra"]
[Source "ChessBase"]
[SourceDate "2022.07.31"]
[SourceVersion "1"]
[SourceVersionDate "2022.07.31"]
[SourceQuality "1"]

1. e4 c5 2. Nf3 a6 3. c4 d6 4. d4 Bg4 5. dxc5 Bxf3 6. gxf3 dxc5 7. Qxd8+ Kxd8 8. Be3 e6 9. Nc3 Nd7 10. 0-0-0 Kc7 11. f4 Rd8 12. Bg2 Be7 13. Rhg1 g6 14. Rd2 b6 15. Rgd1 f5 16. Bf3 Nh6 17. e5 Nf7 18. Kc2 Nb8 19. a3 Rxd2+ 20. Rxd2 Rd8 21. Rxd8 Nxd8 22. Na4 Nd7 23. b3 h6 24. Nb2 g5 25. Nd3 Nc6 26. Bh5 gxf4 27. Nxf4 Nf8 28. Nd3 Bg5 29. f4 Be7 30. Kc3 a5 31. Kc2 1/2-1/2

[Event "Mentese Flowers (Women)"]
[Site "Mentese"]
[Date "2022.02.07"]
[Round "4"]
[White "Darban Vaighani, Morteza"]
[Black "Haussernot, Cecile"]
[Result "1/2-1/2"]
[WhiteElo "2263"]
[BlackElo "2155"]
[PlyCount "64"]
[EventDate "2022.02.06"]
[EventType "schev"]
[EventRounds "10"]
[EventCountry "TUR"]
[SourceTitle "CBM 206 Extra"]
[Source "ChessBase"]
[SourceDate "2022.03.31"]
[SourceVersion "1"]
[SourceVersionDate "2022.03.31"]
[SourceQuality "1"]
[WhiteTeam "Blue Team"]
[BlackTeam "Red Team"]
[WhiteTeamCountry "TUR"]
[BlackTeamCountry "TUR"]

1. Nf3 Nf6 2. g3 g6 3. b3 Bg7 4. Bb2 b6 5. Bg2 Bb7 6. 0-0 0-0 7. c4 e6 8. Nc3 d5 9. cxd5 exd5 10. e3 c5 11. d4 Nbd7 12. Rc1 Rc8 13. Qe2 Ne4 14. Rfd1 Re8 15. dxc5 Nxc3 16. Bxc3 Bxc3 17. Rxc3 bxc5 18. Qc2 Qb6 19. h4 Nf6 20. Nd2 h5 21. Rc1 Nd7 22. Qd1 Nf6 23. R3c2 Ba6 24. Bf1 Bb7 25. Nf3 Qd6 26. Bg2 Red8 27. Ng5 Qb6 28. Qf3 Rc7 29. Qf4 Bc8 30. Rd2 Re7 31. Rdc2 Rc7 32. Bh3 Bxh3 1/2-1/2

[Event "Marmaris Karya 14th"]
[Site "Marmaris"]
[Date "2022.02.04"]
[Round "8.2"]
[White "Darban Vaighani, Morteza"]
[Black "Haussernot, Cecile"]
[Result "1-0"]
[WhiteElo "2263"]
[BlackElo "2155"]
[PlyCount "91"]
[EventDate "2022.02.01"]
[EventType "schev"]
[EventRounds "10"]
[EventCountry "TUR"]
[SourceTitle "CBM 206 Extra"]
[Source "ChessBase"]
[SourceDate "2022.03.31"]
[SourceVersion "1"]
[SourceVersionDate "2022.03.31"]
[SourceQuality "1"]
[WhiteTeam "White Team"]
[BlackTeam "Black Team"]
[WhiteTeamCountry "AZE"]
[BlackTeamCountry "TUR"]

1. c4 e5 2. e3 Nf6 3. Nc3 Nc6 4. Qb3 g6 5. d3 Bg7 6. g3 b6 7. Nge2 Bb7 8. e4 0-0 9. Bg2 Nd4 10. Nxd4 exd4 11. Nd5 Nxd5 12. cxd5 c5 13. dxc6 dxc6 14. h4 c5 15. h5 Rc8 16. hxg6 hxg6 17. Qc4 Re8 18. Kf1 Bc6 19. a4 Bd7 20. Bh3 Bxh3+ 21. Rxh3 Qd7 22. Kg2 Qe6 23. b3 a6 24. Bf4 Ra8 25. Rc1 Qd7 26. a5 bxa5 27. Qxc5 Qb5 28. Qc4 Ra7 29. Rhh1 Rb7 30. Ra1 Qxb3 31. Qxa6 Qb5 32. Rxa5 Qxa6 33. Rxa6 Rb3 34. Rd1 Rc8 35. Rd6 Kf8 36. e5 g5 37. Bxg5 Bxe5 38. Rd5 f6 39. Bf4 Rcc3 40. Bxe5 fxe5 41. Rxe5 Rxd3 42. Rxd3 Rxd3 43. Kf1 Rb3 44. Ke2 Rb2+ 45. Kf3 Kf7 46. Re2 1-0